<?xml version="1.0" encoding="UTF-8"?>
<record
    xmlns:xsi="http://www.w3.org/2001/XMLSchema-instance"
    xsi:schemaLocation="http://www.loc.gov/MARC21/slim http://www.loc.gov/standards/marcxml/schema/MARC21slim.xsd"
    xmlns="http://www.loc.gov/MARC21/slim">

  <leader>00871nam a22002297a 4500</leader>
  <controlfield tag="005">20220801090229.0</controlfield>
  <controlfield tag="008">220729s2010    mx a|||f |||| 00| 0 spa d</controlfield>
  <datafield tag="020" ind1=" " ind2=" ">
    <subfield code="a">978-607-7673-10-1</subfield>
  </datafield>
  <datafield tag="040" ind1=" " ind2=" ">
    <subfield code="c">CHAP</subfield>
    <subfield code="e">rda</subfield>
  </datafield>
  <datafield tag="082" ind1=" " ind2=" ">
    <subfield code="a">307.140972</subfield>
    <subfield code="b">D44</subfield>
    <subfield code="2">22</subfield>
  </datafield>
  <datafield tag="245" ind1=" " ind2=" ">
    <subfield code="a">Desarrollo local :</subfield>
    <subfield code="b">refexiones te&#xF3;ricas y revisiones emp&#xED;ricas /</subfield>
    <subfield code="c">coordinado por Alfonso P&#xE9;rez S&#xE1;nchez.</subfield>
  </datafield>
  <datafield tag="264" ind1=" " ind2="1">
    <subfield code="a">Tlaxcala,M&#xE9;xico :</subfield>
    <subfield code="b">El Colegio de Tlaxcala,</subfield>
    <subfield code="c">2010.</subfield>
  </datafield>
  <datafield tag="300" ind1=" " ind2=" ">
    <subfield code="a">205 p&#xE1;ginas :</subfield>
    <subfield code="b">fotograf&#xED;as, cuadros, mapas, gr&#xE1;ficas.</subfield>
  </datafield>
  <datafield tag="336" ind1=" " ind2=" ">
    <subfield code="2">texto</subfield>
    <subfield code="a">txt</subfield>
    <subfield code="b">rdacontenido</subfield>
  </datafield>
  <datafield tag="337" ind1=" " ind2=" ">
    <subfield code="2">sinmedio</subfield>
    <subfield code="a">n</subfield>
    <subfield code="b">rdamedia</subfield>
  </datafield>
  <datafield tag="338" ind1=" " ind2=" ">
    <subfield code="2">volumen</subfield>
    <subfield code="a">nc</subfield>
    <subfield code="b">rdacarrier</subfield>
  </datafield>
  <datafield tag="650" ind1=" " ind2="7">
    <subfield code="9">88723</subfield>
    <subfield code="a">Planeaci&#xF3;n regional</subfield>
    <subfield code="x">Tlaxcala</subfield>
  </datafield>
  <datafield tag="650" ind1=" " ind2="7">
    <subfield code="9">32029</subfield>
    <subfield code="a">Desarrollo de la comunidad rural</subfield>
    <subfield code="x">Tlaxcala</subfield>
  </datafield>
  <datafield tag="650" ind1=" " ind2="4">
    <subfield code="9">32049</subfield>
    <subfield code="a">Desarrollo econ&#xF3;mico</subfield>
  </datafield>
  <datafield tag="700" ind1="1" ind2=" ">
    <subfield code="9">90030</subfield>
    <subfield code="a">P&#xE9;rez S&#xE1;nchez, Alfonso</subfield>
    <subfield code="e">coordinador</subfield>
  </datafield>
  <datafield tag="942" ind1=" " ind2=" ">
    <subfield code="2">ddc</subfield>
    <subfield code="c">LIBRO</subfield>
  </datafield>
  <datafield tag="999" ind1=" " ind2=" ">
    <subfield code="c">217505</subfield>
    <subfield code="d">217505</subfield>
  </datafield>
  <datafield tag="952" ind1=" " ind2=" ">
    <subfield code="0">0</subfield>
    <subfield code="1">0</subfield>
    <subfield code="2">ddc</subfield>
    <subfield code="4">0</subfield>
    <subfield code="5">2</subfield>
    <subfield code="7">0</subfield>
    <subfield code="8">GRAL</subfield>
    <subfield code="a">BC</subfield>
    <subfield code="b">BC</subfield>
    <subfield code="c">PA_GRAL</subfield>
    <subfield code="d">2022-07-29</subfield>
    <subfield code="l">0</subfield>
    <subfield code="o">307.1409720723 D44</subfield>
    <subfield code="p">33724002563736</subfield>
    <subfield code="r">2022-07-29 00:00:00</subfield>
    <subfield code="w">2022-07-29</subfield>
    <subfield code="y">LIBRO</subfield>
  </datafield>
</record>
